<?xml version="1.0" encoding="UTF-8"?>
<record
    xmlns:xsi="http://www.w3.org/2001/XMLSchema-instance"
    xsi:schemaLocation="http://www.loc.gov/MARC21/slim http://www.loc.gov/standards/marcxml/schema/MARC21slim.xsd"
    xmlns="http://www.loc.gov/MARC21/slim">

  <leader>00978nam a2200253 a 4500</leader>
  <controlfield tag="001">803</controlfield>
  <controlfield tag="003">BR-CuiBMT</controlfield>
  <controlfield tag="005">20231117231352.0</controlfield>
  <controlfield tag="008">231106s2018    mgba          000 0 por d</controlfield>
  <datafield tag="020" ind1=" " ind2=" ">
    <subfield code="a">9788545002451</subfield>
  </datafield>
  <datafield tag="040" ind1=" " ind2=" ">
    <subfield code="a">BR-CuiBMT</subfield>
    <subfield code="c">BR-CuiBMT</subfield>
  </datafield>
  <datafield tag="080" ind1=" " ind2=" ">
    <subfield code="a">349.6:502.131.1</subfield>
    <subfield code="2">2007</subfield>
  </datafield>
  <datafield tag="090" ind1=" " ind2=" ">
    <subfield code="a">349.6:502.131.1</subfield>
    <subfield code="b">A329e</subfield>
  </datafield>
  <datafield tag="100" ind1="1" ind2=" ">
    <subfield code="a">Albergaria, Bruno</subfield>
  </datafield>
  <datafield tag="245" ind1="1" ind2="2">
    <subfield code="a">O estado sustent&#xE1;vel democr&#xE1;tico de direito pela &#xF3;tica topol&#xF3;gica :</subfield>
    <subfield code="b">o enodamento dos sistemas econ&#xF4;mico, social e ambiental na forma&#xE7;&#xE3;o do (complexo) sistema - ex novo e continuum - sustent&#xE1;vel /</subfield>
    <subfield code="c">Bruno Albergaria.</subfield>
  </datafield>
  <datafield tag="260" ind1=" " ind2=" ">
    <subfield code="a">Belo Horizonte:</subfield>
    <subfield code="b">F&#xF3;rum,</subfield>
    <subfield code="c">2018.</subfield>
  </datafield>
  <datafield tag="300" ind1=" " ind2=" ">
    <subfield code="a">448 p. ;</subfield>
    <subfield code="b">il. :</subfield>
    <subfield code="c">24 cm</subfield>
  </datafield>
  <datafield tag="504" ind1=" " ind2=" ">
    <subfield code="a">inclui bibliografia.</subfield>
  </datafield>
  <datafield tag="650" ind1=" " ind2=" ">
    <subfield code="a">Meio ambiente</subfield>
    <subfield code="x">Sustentabilidade</subfield>
    <subfield code="z">Brasil</subfield>
  </datafield>
  <datafield tag="650" ind1=" " ind2=" ">
    <subfield code="a">Equidade</subfield>
    <subfield code="x">Aspectos constitucionais</subfield>
    <subfield code="z">Brasil</subfield>
  </datafield>
  <datafield tag="650" ind1=" " ind2=" ">
    <subfield code="a">Desenvolvimento sustent&#xE1;vel</subfield>
    <subfield code="z">Brasil</subfield>
  </datafield>
  <datafield tag="650" ind1=" " ind2=" ">
    <subfield code="a">Desenvolvimento econ&#xF4;mico </subfield>
    <subfield code="x">Aspectos ambientais</subfield>
    <subfield code="z">Brasil</subfield>
  </datafield>
  <datafield tag="942" ind1=" " ind2=" ">
    <subfield code="2">udc</subfield>
    <subfield code="c">LV</subfield>
  </datafield>
  <datafield tag="952" ind1=" " ind2=" ">
    <subfield code="0">0</subfield>
    <subfield code="1">0</subfield>
    <subfield code="2">udc</subfield>
    <subfield code="4">0</subfield>
    <subfield code="7">0</subfield>
    <subfield code="a">BIBTCEMT</subfield>
    <subfield code="b">BIBTCEMT</subfield>
    <subfield code="d">2019-08-08</subfield>
    <subfield code="l">0</subfield>
    <subfield code="o">349.6:502.131.1 A329e</subfield>
    <subfield code="p">BIBTCEMT23110736</subfield>
    <subfield code="r">2023-11-17</subfield>
    <subfield code="t">Ex. 1</subfield>
    <subfield code="w">2023-11-17</subfield>
    <subfield code="y">LV</subfield>
  </datafield>
  <datafield tag="952" ind1=" " ind2=" ">
    <subfield code="0">0</subfield>
    <subfield code="1">0</subfield>
    <subfield code="2">udc</subfield>
    <subfield code="4">0</subfield>
    <subfield code="7">0</subfield>
    <subfield code="a">BIBTCEMT</subfield>
    <subfield code="b">BIBTCEMT</subfield>
    <subfield code="d">2023-08-08</subfield>
    <subfield code="l">0</subfield>
    <subfield code="o">349.6:502.131.1 A329e</subfield>
    <subfield code="p">BIBTCEMT23110737</subfield>
    <subfield code="r">2023-11-17</subfield>
    <subfield code="t">Ex. 2</subfield>
    <subfield code="w">2023-11-17</subfield>
    <subfield code="y">LV</subfield>
  </datafield>
  <datafield tag="999" ind1=" " ind2=" ">
    <subfield code="c">803</subfield>
    <subfield code="d">803</subfield>
  </datafield>
</record>
